Dialogues of Alfred North Whitehead

Guardado en:
Bibliografiske detaljer
Hovedforfatter: Price, Lucien
Format: Bog
Sprog:Undetermined
Udgivet: New York, Estados Unidos Mentor Book 1956
Fag:
Tags: Tilføj Tag
Ingen Tags, Vær først til at tagge denne postø!

MARC

LEADER 00000nam a2200000Ia 4500
008 170316s9999 xx 000 0 und d
090 |a 100 P-36d 
100 |a Price, Lucien 
245 |a Dialogues of Alfred North Whitehead 
260 |a New York, Estados Unidos 
260 |b Mentor Book 
260 |c 1956 
300 |a 320 páginas 
650 |a FILOSOFÍA 
999 |c 17367  |d 17367 
040 |a cru BVZT 
942 |c 15 D  |h 100 P-36d  |2 z